000 00728nam a2200229 i 4500
001 64713
003 ES-MaACL
007 t|
008 040105s1985 sp ||||1| spa d
020 _a84-311-0379-5
100 1 _aFoucault, Alain.
_951918
245 1 0 _aDiccionario de geología /
_cpor Alain Foucault y Jean François Raoult ; versión castellana de la 2ª ed. francesa por M. Lago, A. Pocoví, J. Tena.
250 _a[1ª ed.].
260 _aBarcelona :
_bMasson,
_c1985.
300 _a316 p. ;
_c24 cm.
504 _aBibliografía.
700 1 _aRaoult, Jean François.
_995444
700 1 _aLago, M.
_969583
700 1 _aPocoví, A.
_992707
700 1 _aTena, J.
_9109684
852 _aES-MaACL
_jL-9381
_bR.111162
999 _c64713
_d64713